000 00625nam a22001937a 4500
003 OSt
005 20210421070326.0
008 210226s1988 ||||| |||| 00| 0 eng d
040 _aeng
_beng
_cDLC
041 _aeng
080 _a616.8
_bB-41
100 _91161
_aBell, Charles
245 _aThis Special Edition of the Nervous System of the Human Body
_c/ by: The Classics of Neurology and Neurosurgery Library
260 _aBirmingham, Alabama
_bThe Classics of Neurology and Neurosurgery Library
_c1988
300 _a404 p.
_bill.
650 0 _9100
_aNeurology
653 _aნევროლოგია
942 _2udc
_cBK
999 _c1776
_d1776